01529 a2200169 45000010006000000050017000060080041000230030015000640400040000790800048001192450046001672640044002133000050002575051022003070410008013291000022013374204420260407155711.0260407a1974 arg spa dAR-UNSa-BCEJYS aAR-UNSa-BCEJYSbspacAR-UNSa-BCEJYS a347.44xContratos en general. Obligaciones 10aInstituciones de derecho civilpcontratos 1aBuenos Aires :bEdiciones Depalmac1974 a5 v. (337 ; 402 ; 653 ; 710 ; 533 p.)c23 cm. aVol. I: 1. Introducción a la doctrina general del contrato - 2. Ambito de aplicación del contrato - 3. Clasificaciones de los contratos - 4. Formación del contrato -- Vol. II: 5. Antecontrato. Autocontrato. Interpretación contractual - 6. Capacidad para contratar -- Vol. III: 7. Causa y objeto de los contratos - 8. La forma en los contratos - 9. La prueba en los contratos - 10. Efectos de los contratos entre las partes. Situación de los sucesores singulares y de los terceros - 11. Fuerza obligatoria de los contratos - 12. Estipulaciones en favor de tercero, a cargo de tercero y a nombre de tercero - 13. Acción subrogatoria y acción directa - 14. Excepciones de incumplimiento y pacto comisorio - 15. Causales de resolución y extinción de los contratos -- Vol. IV: 16. Compraventa y permuta - 17. Efectos de la compraventa - 18. Cesión de créditos - 19. Locación de cosas -- Vol. V: 20. Locación de cosas - 21. Locación de servicios (contrato de trabajo) - 22. Locación de obra -  aspa1 aSpota, Alberto G.